Score 0/24 Timer 04:00
3 Plays Today
Question Answer Wrong Answers
Krusty the Clown The Simpsons
93.3%
Family Guy
0.9%
American Dad!
0.5%
South Park
0.6%
Brian Griffin Family Guy
93.3%
The Simpsons
0.6%
American Dad!
0.8%
South Park
0.6%
Stewie Griffin Family Guy
93.1%
The Simpsons
0.6%
American Dad!
0.5%
South Park
1%
Ned Flanders The Simpsons
91.6%
Family Guy
1.5%
American Dad!
0.9%
South Park
1.1%
Eric Cartman South Park
91.2%
The Simpsons
1%
Family Guy
1.6%
American Dad!
1.3%
Kenny McCormick South Park
90.6%
The Simpsons
1.3%
Family Guy
1.5%
American Dad!
1.7%
Mr. Burns The Simpsons
90.4%
Family Guy
1.2%
American Dad!
1.3%
South Park
2.3%
Moe Szyslak The Simpsons
89.7%
Family Guy
1.8%
American Dad!
1.6%
South Park
2%
Apu Nahasapeemapetilon The Simpsons
89.2%
Family Guy
1.5%
American Dad!
1.9%
South Park
2.5%
Glenn Quagmire Family Guy
88.7%
The Simpsons
2.2%
American Dad!
3%
South Park
1.2%
Kyle Broflovski South Park
87.8%
The Simpsons
1.6%
Family Guy
1.9%
American Dad!
3.5%
Roger the Alien American Dad!
87.6%
The Simpsons
2.2%
Family Guy
3.2%
South Park
1.9%
Chef South Park
85.1%
The Simpsons
4%
Family Guy
2.5%
American Dad!
3.3%
Klaus the Fish American Dad!
80.4%
The Simpsons
7.2%
Family Guy
4.3%
South Park
2.9%
Mayor Adam West Family Guy
78.2%
The Simpsons
6.3%
American Dad!
7.1%
South Park
3.3%
Stan Marsh South Park
78.1%
The Simpsons
1.8%
Family Guy
3%
American Dad!
12.2%
Mr. Garrison South Park
77.9%
The Simpsons
4.3%
Family Guy
4.8%
American Dad!
7.7%
Deputy Director Bullock American Dad!
74.9%
The Simpsons
5.2%
Family Guy
5.5%
South Park
8.9%
Disco Stu The Simpsons
74.9%
Family Guy
7.3%
American Dad!
7.6%
South Park
5.2%
Carter Pewterschmidt Family Guy
74.8%
The Simpsons
2.5%
American Dad!
8.4%
South Park
9.2%
Jeff Fischer American Dad!
71.6%
The Simpsons
4.4%
Family Guy
9.4%
South Park
9%
Tom Tucker Family Guy
71.4%
The Simpsons
2.6%
American Dad!
15.8%
South Park
4.8%
Stan Smith American Dad!
67.2%
The Simpsons
1.4%
Family Guy
4.3%
South Park
22.1%
Snot Lonstein American Dad!
63%
The Simpsons
7.1%
Family Guy
8.3%
South Park
16.1%
Remove Ads.
Support Sporcle.
Get the best of Sporcle when you Go Orange. This ad-free experience offers more features, more stats, and more fun while also helping to support Sporcle. Thank you for becoming a member.

You're not logged in!

Compare scores with friends on all Sporcle quizzes.
OR
Log In

Show Comments

Extras

Top Quizzes Today


Score Distribution

Your Account Isn't Verified!

In order to create a playlist on Sporcle, you need to verify the email address you used during registration. Go to your Sporcle Settings to finish the process.

Report this User

Report this user for behavior that violates our Community Guidelines.

Details: